| 000 | 00426pab a2200169 454500 | ||
|---|---|---|---|
| 008 | 180718b2004 xxu||||| |||| 00| 0 eng d | ||
| 100 | _aGupta, Gulab | ||
| 245 | _aAutonomy of Universities in India | ||
| 260 | _c2004 | ||
| 300 | _ap.1-9. | ||
| 362 | _a15 Mar | ||
| 650 | _aUniversities - India | ||
| 650 | _aEducational autonomy - India | ||
| 650 | _aEducational autonomy | ||
| 773 | _aUniversity News | ||
| 909 | _a59876 | ||
| 999 |
_c59876 _d59876 |
||